00503 a2200181 450000500170000001000130001702000240003003500130005403700160006708200100008324500980009326000370019127000150022830000250024350000100026870000210027870000220029920240501155545.0 aB-758834 a9780821368763c0.00 aB-758834 bGift/Unesco a307.1 aEnding Poverty in South Asia Ideas That Work/bEdited By- Deepa Narayan [and] Elena Glinskaya aWashingtonbThe World Bankc2007 aWashington a400 p.;c22cm. (pb) aIndex aNarayan , Deepa  aGlinskaya, Elena